Elements Of Workshop Technology (Record no. 128996)

MARC details
000 -LEADER
fixed length control field 00520nam a2200181Ia 4500
008 - FIXED-LENGTH DATA ELEMENTS--GENERAL INFORMATION
fixed length control field 230312s9999 xx 000 0 und d
041 ## - LANGUAGE CODE
Language code of text/sound track or separate title eng
082 ## - DEWEY DECIMAL CLASSIFICATION NUMBER
Classification number 621.7
Item number 621.7 CHO
100 ## - MAIN ENTRY--PERSONAL NAME
Personal name Choudhury S.K.H.
245 ## - TITLE STATEMENT
Title Elements Of Workshop Technology
Remainder of title Vol.II: Machine Tools
260 ## - PUBLICATION, DISTRIBUTION, ETC. (IMPRINT)
Date of publication, distribution, etc. 2008
Name of publisher, distributor, etc. Media Promoters & Publishers
300 ## - PHYSICAL DESCRIPTION
Extent 700
365 ## - TRADE PRICE
Currency code Rs.
Price amount 200.00
700 ## - ADDED ENTRY--PERSONAL NAME
Personal name ChoudhuryA.K.H.
9 (RLIN) 168287
710 ## - ADDED ENTRY--CORPORATE NAME
Corporate name or jurisdiction name as entry element Choudhury S.K.H. & Choudhury A.K.H.
9 (RLIN) 168288
906 ## - LOCAL DATA ELEMENT F, LDF (RLIN)
b 170

No items available.